HL7 V3 laboratory messaging using SOA Infrastructure [Project MSIT-8] (Record no. 10496)
[ view plain ]
| 000 -LEADER | |
|---|---|
| fixed length control field | 00657 a2200169 4500 |
| 003 - CONTROL NUMBER IDENTIFIER | |
| control field | NUST |
| 038 ## - RECORD CONTENT LICENSOR | |
| Staff Name | Mr. Zahoor |
| 082 ## - DEWEY DECIMAL CLASSIFICATION NUMBER | |
| Classification number | MSIT-8 |
| 100 ## - MAIN ENTRY--PERSONAL NAME | |
| Personal name | Mehtab Alam Khurshid |
| 9 (RLIN) | 55384 |
| 245 ## - TITLE STATEMENT | |
| Title | HL7 V3 laboratory messaging using SOA Infrastructure [Project MSIT-8] |
| Statement of responsibility, etc. | Mehtab Alam Khurshid |
| 260 ## - PUBLICATION, DISTRIBUTION, ETC. | |
| Place of publication, distribution, etc. | Islamabad |
| Name of publisher, distributor, etc. | NUST School of Electrical Engineering and Computer Science |
| Date of publication, distribution, etc. | 2011 |
| 300 ## - PHYSICAL DESCRIPTION | |
| Extent | vii,64p. |
| Other physical details | :ill. |
| Dimensions | ;27cm.+ |
| Accompanying material | CD-ROM |
| 500 ## - GENERAL NOTE | |
| General note | Supervisors: Dr. Hafiz Farooq Ahmad, Dr. Raihan ur Rasool, Mr. Bilal Ali, Ms. Sana Khalique |
| 563 ## - BINDING INFORMATION | |
| Binding note | Hard Binding |
| 856 ## - ELECTRONIC LOCATION AND ACCESS | |
| Uniform Resource Identifier | <a href="http://10.250.8.41:8080/xmlui/handle/123456789/13692">http://10.250.8.41:8080/xmlui/handle/123456789/13692</a> |
| 942 ## - ADDED ENTRY ELEMENTS (KOHA) | |
| Koha item type | Project Report |
| Call number prefix | MSIT-8 MEH |
| Source of classification or shelving scheme | |
| Withdrawn status | Lost status | Damaged status | Not for loan | Permanent Location | Current Location | Total Checkouts | Full call number | Barcode | Date last seen | Price effective from | Koha item type |
|---|---|---|---|---|---|---|---|---|---|---|---|
| Central Library (CL) | Central Library (CL) | MSIT-8 MEH | SEECSP00954 | 11/14/2012 | 11/14/2012 | Project Report |
